000 00990nam a2200217Ii 4500
003 JO-AjNU
008 230605s9999||||xx |||||||||||||| ||und||
017 _a2007/8/2383
040 _aJO-AjNU
_bara
_erda
_cJO-AjNU
041 _aara
050 1 4 _aHD37.A7.K5364 2008
100 3 _aتاليف الخفاجي، نعمة عباس، م.مشارك طاهر محسن الغالبي,
_eauthor
_957287
245 0 0 _aقراءات في الفكر الإداري المعاصر : تباين الأهداف المتوخاة من تبني المسؤولية الإجتماعية في المنظمات الحكومية والخاصة
250 _aالطبعة العربية
264 3 1 _aعمان: دار اليازوري العلمية للنشر والتوزيع، 2008
300 _a355ص
336 _atext
_btxt
_2rdacontent
337 _aunmediated
_bn
_2rdamedia
338 _avolume
_bnc
_2rdacarrier
650 4 _aالادارة التنفيذية- القيادة الادارية
_957288
999 _aA25661
_c29229
_d29229